书目信息 |
| 题名: |
继电保护原理学习指导
|
|
| 作者: | 刘学军 主编 ;王福林 编写 | |
| 分册: | ||
| 出版信息: | 北京 中国电力出版社 2006.1 |
|
| 页数: | 343页 | |
| 开本: | 24cm | |
| 丛书名: | ||
| 单 册: | ||
| 中图分类: | TM77-43 | |
| 科图分类: | ||
| 主题词: | 继电保护--ji dian bao hu--高等学校--教学参考资料 | |
| 电子资源: | ||
| ISBN: | 7-5083-3655-0 | |
| 000 | 00920nam0 2200265 45 | |
| 001 | 012005000000 | |
| 005 | 20061228153805.82 | |
| 010 | @a7-5083-3655-0@dCNY33.00 | |
| 100 | @a20060401d2006 em y0chiy0121 ea | |
| 101 | 0 | @achi |
| 102 | @aCN@b110000 | |
| 105 | @aa a 000yy | |
| 200 | 1 | @a继电保护原理学习指导@Aji dian bao hu yuan li xue xi zhi dao@f刘学军主编@g王福林 ... [等]编写 |
| 210 | @a北京@c中国电力出版社@d2006.1 | |
| 215 | @a343页@c图@d24cm | |
| 300 | @a普通高等教育“十五”规划教材 | |
| 304 | @a本书编者为: 王福林、王建南、刘畅等 | |
| 320 | @a有书目 (第343页) | |
| 330 | @a本书内容包括继电保护原理习题解答和实验指导, 以及继电保护设计的基本知识和电力设备的设计原理等。 | |
| 606 | 0 | @a继电保护@Aji dian bao hu@x高等学校@j教学参考资料 |
| 690 | @aTM77-43@v4 | |
| 701 | 0 | @a刘学军@Aliu xue jun@4主编 |
| 702 | 0 | @a王福林@Awang fu lin@4编写 |
| 801 | 0 | @aCN@c20061228 |
| 905 | @a10447@dTM77-43@eL6901 | |
| 继电保护原理学习指导/刘学军主编/王福林 ... [等]编写.-北京:中国电力出版社,2006.1 |
| 343页:图;24cm |
| 普通高等教育“十五”规划教材 |
| ISBN 7-5083-3655-0:CNY33.00 |
| 本书内容包括继电保护原理习题解答和实验指导, 以及继电保护设计的基本知识和电力设备的设计原理等。 |
| ● |
| 相关链接 |
|
|
|
正题名:继电保护原理学习指导
索取号:TM77-43/L6901
 
预约/预借
| 序号 | 登录号 | 条形码 | 馆藏地/架位号 | 状态 | 备注 |
| 1 | 640869 | 206408699 | 自科库301/301自科库 19排3列4层/ [索取号:TM77-43/L6901] | 在馆 | |
| 2 | 640870 | 206408706 | 自科二线404/404自科库 18排5列1层/ [索取号:TM77-43/L6901] | 在馆 | |
| 3 | 640871 | 206408715 | 自科库301/301自科库 19排3列4层/ [索取号:TM77-43/L6901] | 在馆 |